Ảnh hưởng các mức độ bổ sung thân, lá cây chuối (Musa paradisiaca) đến tỷ lệ tiêu hóa và sinh khí ở in vitro, lượng thức ăn ăn vào và các thông số dịch dạ cỏ trên dê bách thảo : Luận văn tốt nghiệp cao học. Chuyên ngành Chăn nuôi

Nghiên cứu tìm ra các mức độ bổ sung thân và lá cây chuối đến sự tiêu hóa dưỡng chất, sự sinh khí, lượng ăn vào trên dê bách thảo bằng phương pháp in vitro và in vitro.

Enregistré dans:
Détails bibliographiques
Auteur principal: Nguyễn, Thị Đỗ Thúy
Format: Livre
Langue:Undetermined
Publié: Cần Thơ Trường Đại học Cần Thơ 2015
Sujets:
Tags: Ajouter un tag
Pas de tags, Soyez le premier à ajouter un tag!
Thư viện lưu trữ: Trung tâm Học liệu Trường Đại học Cần Thơ
LEADER 01301nam a2200229Ia 4500
001 CTU_209465
008 210402s9999 xx 000 0 und d
082 |a 636.3 
082 |b Th523 
088 |a 60620105 
100 |a Nguyễn, Thị Đỗ Thúy 
245 0 |a Ảnh hưởng các mức độ bổ sung thân, lá cây chuối (Musa paradisiaca) đến tỷ lệ tiêu hóa và sinh khí ở in vitro, lượng thức ăn ăn vào và các thông số dịch dạ cỏ trên dê bách thảo : 
245 0 |b Luận văn tốt nghiệp cao học. Chuyên ngành Chăn nuôi 
245 0 |c Nguyễn Thị Đỗ Thúy ; Hồ Quảng Đồ (Hướng dẫn khoa học) 
260 |a Cần Thơ 
260 |b Trường Đại học Cần Thơ 
260 |c 2015 
520 |a Nghiên cứu tìm ra các mức độ bổ sung thân và lá cây chuối đến sự tiêu hóa dưỡng chất, sự sinh khí, lượng ăn vào trên dê bách thảo bằng phương pháp in vitro và in vitro. 
650 |a Goats,Dê 
650 |x Breeding,Chăn nuôi 
904 |i Trần Thị Hồng Ngọc (Nguyên) 
980 |a Trung tâm Học liệu Trường Đại học Cần Thơ